Responses for Show #6554 - Thursday, February 28, 2013

Contestants

[<< previous game]

Twyla Dignan, a domestic goddess from West Linn, Oregon

Dean Flagg, a contracts assistant from Los Angeles, California

Sara Garnett, a graduate student of zoology originally from Okemos, Michigan (whose 1-day cash winnings total $25,601)

[next game >>]

Jeopardy! Round responses

YOU KNOW, THE MOVIE WHERE...
(Alex: And we'll provide a little more information for you.)
SHAKESPEARE
ON WHAT CONTINENT?
CHEW, CHEW
TRAINS
"WEE"!
(Alex: [After announcing the category in a high-pitched voice] "W-E-E" comin' up in each correct response. I can't believe I said that.)
    $200 6
The Sound of Music

Dean
    $200 1
Romeo and Juliet

Sara
    $200 11
Africa

Twyla
    $200 12
jerky

Twyla
    $200 21
coal (or steam)

Sara
    $200 26
weep

Twyla
    $400 7
Pulp Fiction

Dean
    $400 2
The Taming of the Shrew

Sara
    $400 14
Australia

Sara
    $400 13
gummy bears

Sara
    $400 22
monorail

Dean
    $400 27
weenie roast

Dean
    $600 8
White Men Can't Jump

Twyla
    $600 3
Falstaff

Dean
    $600 15
North America

Dean
    $600 17
brownies

Twyla
    $600 23
caboose

Dean
    $600 28
weevil

Sara
    $800 9
Moneyball

Sara
    $800 4
The Comedy of Errors

Dean
    $800 16
(Sara: What is Europe?)

Antarctica

SaraTwyla
    $800 18
salt water taffy

Sara
    $2,000 24
(Dean: What is the transcontinental railroad?)

Atchison, Topeka and Santa Fe

Dean
    $800 29
weekend warrior

Twyla
    $1000 10
Bruce Almighty

Dean
    $1000 5
Desdemona

Dean
    $1000 19
(Twyla: What is Africa?)
...
(Alex: [*], yes. It's in Turkey.)

Asia

SaraTwyla
    $1000 20
calamari

Dean
    $1000 25
Trans-Siberian Railroad

Dean
    $1000 30
Weems

Triple Stumper

Scores at the first commercial break (after clue 15):

Sara Dean Twyla
$2,200 $4,600 $1,000

Scores at the end of the Jeopardy! Round:

Sara Dean Twyla
$4,000 $6,000 $2,400

Double Jeopardy! Round responses

THE SPAIN! THE SPAIN!
TV VILLAINS
CLASSICAL MUSIC
PARTY HOPPING
YOU'VE GOT A DEAL
RHYMING DICTIONARY
(Alex: Each correct response will rhyme with the word "dictionary".)
    $400 26
the Rock of Gibraltar

Sara
    $400 6
Wile E. Coyote

Sara
    $400 11
The Blue Danube Waltz

Twyla
    $400 1
(Michael) Bloomberg

Twyla
    $400 21
Citigroup

Dean
    $400 12
temporary

Dean
    $800 27
(Alex: And that is the king--[*].)

Juan Carlos

Triple Stumper
    $800 7
Lex Luthor

Sara
    $800 17
Goldberg

Sara
    $800 2
Minnesota

Triple Stumper
    $800 22
air conditioning

Dean
    $800 13
commentary

Twyla
    $1200 28
Real Madrid

Dean
    $1200 8
The New Normal

Dean
    $1200 18
harpsichord

Dean
    $1200 3
California

Twyla
    $1200 23
T-Mobile

Sara
    $1200 14
revolutionary

Dean
    $1600 29
Ponce de León

Triple Stumper
    $1600 9
V

Twyla
    $1600 19
(Sara: What is Prelude to [*]?)

"The Afternoon of a Faun"

Sara
    $1600 4
Virginia

Sara
    $1600 24
K-Mart

Triple Stumper
    $1600 15
a dromedary

Twyla
    $2,500 30
(Dean: Let's make it $2,500.)
(Alex: I thought you were about to say, "Let's make it a True Daily Double." You had my heart beating there for a moment.)
...
(Dean: What are León and Castile?)

Castile & Aragon

Dean
    $2000 10
Red John

Sara
    $2000 20
rhapsody

Sara
    $2,000 5
(Arlen) Specter

Sara
    $2000 25
Live Nation

Dean
    $2000 16
Tipperary

Dean

Scores at the end of the Double Jeopardy! Round:

Sara Dean Twyla
$16,800 $13,900 $8,400

[wagering suggestions for these scores]

Final Jeopardy! Round responses

THE UNIVERSE
(Alex: That narrows it down, doesn't it?)
(Alex: [To Twyla] It's no longer one of the regular planets; it's now a dwarf planet.)
TwylaWhat is Pluto?
$0
DeanWhat is Pluto?
$12,500
SaraWhat is Pluto?
$11,001
Pluto

Final scores:

Sara Dean Twyla
$27,801 $26,400 $8,400
2-day champion: $53,402 2nd place: $2,000 3rd place: $1,000

Game dynamics:

Coryat scores:

Sara Dean Twyla
$16,800 $18,400 $8,400
19 R
(including 1 DD),
1 W
21 R,
2 W
(including 2 DDs)
13 R,
1 W

Combined Coryat: $43,600

[game clues] [game scores] [suggest correction]

Game tape date: 2012-10-24
The J! Archive is created by fans, for fans. Scraping, republication, monetization, and malicious use prohibited; this site may use cookies and collect identifying information. See terms. The Jeopardy! game show and all elements thereof, including but not limited to copyright and trademark thereto, are the property of Jeopardy Productions, Inc. and are protected under law. This website is not affiliated with, sponsored by, or operated by Jeopardy Productions, Inc. Join the discussion at JBoard.tv.